| 000 | 00539cam a2200217 4500 | ||
|---|---|---|---|
| 008 | 090401t1988 xxu||||| |||| 00| 0 eng d | ||
| 020 | _a089930205X | ||
| 035 | _a(Sirsi) u4787 | ||
| 041 | _aeng | ||
| 050 | _a658.809333 | ||
| 100 | _aHines, M. | ||
| 245 | _aMarketing real estate internationally | ||
| 260 |
_aNew York _bQuorum Books _c1988 |
||
| 300 | _aviii,239p. ; 24cm. | ||
| 350 | _a34.95 | ||
| 650 | _aINTERNATIONAL PROPERTY | ||
| 650 | _aPROPERTY INVESTMENT | ||
| 650 | _aPROPERTY | ||
| 942 | _n0 | ||
| 948 | _c04/03/1997 | ||
| 999 |
_c86067 _d86067 |
||